000 01398nam a22002657a 4500
001 1504
005 20231003101239.0
020 _a9789924341581
040 _aFISKH
_beng
_cFISKH
_dFISKH
082 _a551.46
100 _aAnonymous
245 _aទឹក ធនធានដែលត្រូវថែរក្សា /
_cនិពន្ធដោយ Water Family - គូររូបដោយ Nicolas Treve
260 _aVagnon :
_bSipar,
_c2019.
300 _a51 pages :
_bcolor illustrations ;
_c20 cm
490 _aខ្ញុំចង់ដឹង
505 _aZ'
520 _aការស្វែងយល់ពីទឹកបង្ហាញពីមូលហេតុដែលវដ្តទឹកមានសារៈសំខាន់ចំពោះគ្រប់ទម្រង់នៃជីវិតនៅលើផែនដី និងរបៀបដែលយើងអាចជួយការពារទឹកពីការបំពុល។
520 _aGetting to know water shows why the water cycle is important to all forms of life on earth and how we can help protect water from pollution.
521 _a1000
_bLexile estimate
521 _aZ'
_bRaz-Plus
650 _aទឹក
_vបំពុល
_xសារៈសំខាន់
650 _aWater
_vPollute
_xImportant
700 _aTreve, Nicolas
_cillustrator
942 _2ddc
_cBK
_n0
999 _c1504
_d1504